| 000 | 00509nam a22001697a 4500 | ||
|---|---|---|---|
| 003 | OSt | ||
| 008 | 241029b |||||||| |||| 00| 0 eng d | ||
| 082 |
_a630.715054 _bN28A |
||
| 100 | _aNational Institute of Agricultural Extension Management | ||
| 245 | _aAnnual Report, 1998 - 99 | ||
| 260 |
_a.- Rajendranagar, Hyderabad _b: National Institute of Agricultural Extension Management _c, 1999 |
||
| 300 | _a20p. | ||
| 650 | _aAnnual Report | ||
| 650 | _aManage | ||
| 650 | _aRajendranagar | ||
| 942 |
_2ddc _cRP |
||
| 999 |
_c46803 _d46803 |
||